000 00297nam a22001337a 4500
008 171005b xxu||||| |||| 00| 0 eng d
020 _a020781132100349500000006
041 _aeng
080 _a159.9
100 _a49
101 _aPSI
245 _aADAPTING MINDS
_cBULLER,D.J
942 _2udc
_cBK
999 _c32063
_d32063